NBA Where are they from - Statistics

General Stats
  • This quiz has been taken 30 times
  • The average score is 6 of 22
Answer Stats
Player Answer % Correct
LeBron James Ohio
100%
Kawhi Leonard California
82%
Derrick Rose Illinois
82%
Chris Paul North Carolina
41%
Blake Griffin Oklahoma
41%
Domantas Sabonis Oregon
32%
Kemba Walker New York
27%
Bradley Beal Missouri
23%
Tyler Herro Wisconsin
23%
Jaylen Brown Georgia
18%
Karl-Anthony Towns New Jersey
18%
Trae Young Texas
18%
D'Angelo Russell Kentucky
9%
Devin Booker Michigan
9%
Demarcus Cousins Alabama
5%
Mitchell Robinson Florida
5%
De'Aaron Fox Louisiana
5%
Khris Middleton South Carolina
5%
J.J Reddick Tennessee
5%
Zach LaVine Washington
5%
Marvin Bagley III Arizona
0%
Mike Conley Arkansas
0%
No matching quizzes found
Score Distribution
Percent of People with Each Score
Percentile by Number Answered
Your Score History
You have not taken this quiz